000 00571nam a2200193 i 4500
001 60086
003 ES-MaACL
005 20230906164143.0
007 t|
008 031103s1971 sp a c |||| | spa d
080 _a332.51(460)(085)
110 2 _aJose A. Vicenti (Firma)
_9144063
245 1 0 _aEspaña, 1808-1972
_b: catálogo de billetes.
260 _aMadrid :
_bJosé A. Vicenti,
_c[1971]
300 _a96 p. :
_bil. ;
_c21 cm.
650 0 4 _aBilletes de banco-
_zEspaña-
_vCatálogos.
_9166458
650 0 4 _aMonedas-
_zEspaña.
_915159
852 _aES-MaACL
_jC-48264
999 _c60086
_d60086